00792cam a22002534a 450000100090000000300040000900500170001300800410003001000170007102000150008804000130010304200100011604300120012605000280013808200190016610000260018524500610021126000370027230000430030950400640035260000250041665000610044165100360050214318429OSt20230607080753.0060328s2006 ke ab b 001 0beng  a 2006306372 a9966712305 aDLCcDLC alcode af-ke---00aHD6866.5.Z55bS567 2006 a923.26267bPAT1 aPatel, Zarina,d1935-10aUnquietbThe Life & Times of Makhan SinghcZarina Patel. aNairobi :bZand Graphics,c2006. axxiii, 563 p. :bill., maps ;c21 cm. aIncludes bibliographical references (p. 508-510) and index.10aMakhan Singh,d1913- 0aLabor unionsxOfficials and employeeszKenyavBiography. 0aKenyaxPolitics and government.